Những kỳ quan và di sản nhân loại
Đã lưu trong:
| 主要作者: | |
|---|---|
| 格式: | 图书 |
| 语言: | Undetermined |
| 出版: |
Văn hóa thông tin
2000
|
| 标签: |
添加标签
没有标签, 成为第一个标记此记录!
|
| Thư viện lưu trữ: | Trung tâm Học liệu Trường Đại học Cần Thơ |
|---|
| LEADER | 00443nam a2200145Ia 4500 | ||
|---|---|---|---|
| 001 | CTU_49076 | ||
| 008 | 210402s9999 xx 000 0 und d | ||
| 082 | |a 720.9 | ||
| 082 | |b Th561 | ||
| 100 | |a TRẦN MẠNH THƯỜNG | ||
| 245 | 0 | |a Những kỳ quan và di sản nhân loại | |
| 245 | 0 | |c TRẦN MẠNH THƯỜNG | |
| 260 | |b Văn hóa thông tin | ||
| 260 | |c 2000 | ||
| 980 | |a Trung tâm Học liệu Trường Đại học Cần Thơ | ||